Modelovanie predaja pomocou ekonometrických modelov vo vybranom podniku diplomová práca

Guardado en:
Detalles Bibliográficos
Autor principal: Baluchová, Ľubica
Autor Corporativo: Podnikovohospodárska fakulta EU so sídlom v Košiciach. Katedra účtovníctva a financií
Otros Autores: Výrost, Tomáš, 1978-
Formato: Libro
Lenguaje:eslovaco
Publicado: Košice 2014
Etiquetas: Agregar Etiqueta
Sin Etiquetas, Sea el primero en etiquetar este registro!

MARC

LEADER 00000nbm a2200000 4500
001 0187142
005 20170201084815.2
041 0 |a slo 
044 |a SK 
245 1 0 |a Modelovanie predaja pomocou ekonometrických modelov vo vybranom podniku  |b diplomová práca  |c Ľubica Baluchová ; školiteľ: Tomáš Výrost 
264 1 |a Košice  |c 2014 
300 |a 83 s. 
100 1 |a Baluchová, Ľubica 
700 1 |a Výrost, Tomáš, 1978- 
710 2 |a Podnikovohospodárska fakulta EU so sídlom v Košiciach. Katedra účtovníctva a financií